01075 2200253 4500001002100000005001500021035002000036008004100056020001800097082001100115084001800126100002500144245011300169250001400282260003400296300003200330700001700362520038300379600001500762990001100777990001100788990001100799990001100810INLIS00000000000073520260202025810 a0010-0621000335260202 0 ind  a9789796953752 a815.01 a815.01 IMA b0 aIman Toto K.Raharjdo1 aBung Karno Wacana Konstitusi Dan Demokrasi :bKenangan 100 Tahun Bung Karno /cDahlan Ranuwihardja {et al.}1 aCetakan 1 aJakarta :bPT Grasindo,c2001 axxvi + 310 halaman ;c23 cm0 aHerdianto WK aDemokrasi di indonesia, walaupun terus dibangun, tetapi nilai-nilai yang berhasil diinternalisasikan dan dilembagakan seringkali tidak sebanding dengan harga sosial, ekonomi, dan politik yang harus dibayar. boleh jadi penyebabnya karena faktor kekerasan yang lebih menonjol dalam penyelesaian konfilik, dibandingkan dengan proses pelembagaan demokrasi konstitusional itu sendiri 4aBung Karno a019768 a019771 a019772 a019770